000 00720nam a2200181Ia 4500
008 100921s9999 xx 000 0 und d
082 _b13530
_a120 0
100 _aस्वामी विज्ञानानंद.
245 _aजन्म मृत्यु मोक्ष रहस्य.
260 _bसकाळ प्रकाशन,पुणे.
_c0
300 _a110
_b---
365 _b6
520 _aतत्वज्ञान-जीवन-मरण.
630 _aजन्म मृत्यु मोक्ष रहस्य.
650 _aतत्वज्ञान-जीवन-मरण.
730 _aजन्म मृत्यु मोक्ष रहस्य.
942 _cBOOK
999 _c762643
_d762640